[Event "Western Idaho Open (Reserve)"]
[Site "Boise, ID"]
[Date "2014.12.13"]
[Round "2.201"]
[White "Hunter, Roger"]
[Black "Porth, Desmond"]
[Result "0-1"]
[WhiteElo "1112"]
[BlackElo "1308"]
[EventRounds "5"]
[EventCountry "USA"]

1. e4 c6 2. d4 d5 3. e5 Bf5 4. Bd3 Bxd3 5. Qxd3 e6 6. Nf3 Nd7 7. O-O c5 8. Be3
cxd4 9. Bxd4 Ne7 10. b3 Nc6 11. Nbd2 Nxd4 12. Qxd4 Qc7 13. Rfe1 Bc5 14. Qd3
Qb6 15. Re2 Rc8 16. c4 Qa6 17. Qc3 Qb6 18. Kf1 Be7 19. Qd4 Bc5 20. Qf4 Qb4 21.
Ng5 O-O 22. Qf3 Nxe5 23. Qf4 Nd3 24. Qh4 h6 25. Ngf3 Qc3 26. Rd1 Qc2 {#R} 0-1

[Event "Western Idaho Open (Reserve)"]
[Site "Boise, ID"]
[Date "2014.12.13"]
[Round "3.202"]
[White "Porth, Darwin Albert"]
[Black "Hunter, Roger"]
[Result "0-1"]
[WhiteElo "432"]
[BlackElo "1112"]
[EventRounds "5"]
[EventCountry "USA"]

1. e4 e5 2. Nf3 Nc6 3. c3 Bc5 4. Ng5 h6 5. d4 exd4 6. cxd4 Bxd4 7. Nf3 Nf6 8.
Bc4 O-O 9. Nfd2 d6 10. Nb3 Ng4 11. Qf3 Qf6 12. Qxf6 Nxf6 13. O-O Bb6 14. Bd2
Nd4 15. Be3 Nc2 16. Bxb6 cxb6 17. Nc3 Nxa1 18. Nxa1 Bd7 19. Na4 b5 20. Nb6
axb6 21. Bb3 Nxe4 22. Bd5 Bc6 23. Bb3 Nd2 24. Rd1 Nxb3 25. Rxd6 Nxa1 26. Rd1
Rxa2 27. Rb1 Nc2 28. Rf1 Ra1 29. h3 Rxf1+ 30. Kxf1 Rd8 31. Kg1 Rd1+ 32. Kh2
Ne1 33. h4 Rd2 34. g3 Rxf2+ 35. Kh3 Bd7+ 36. g4 Rxb2 37. Kg3 Rb4 38. Kh3 Rxg4
39. Kh2 b4 40. Kh3 b3 41. Kh2 b2 42. Kh3 b1=Q 43. Kh2 Qd3 44. Kh1 Qh3# 0-1

[Event "Western Idaho Open (Reserve)"]
[Site "Boise, ID"]
[Date "2014.12.14"]
[Round "4.201"]
[White "Porth, Adam"]
[Black "Hunter, Roger"]
[Result "1-0"]
[WhiteElo "1363"]
[BlackElo "1112"]
[EventRounds "5"]
[EventCountry "USA"]

1. e4 e5 2. Nf3 Nc6 3. d4 exd4 4. Bc4 h6 5. c3 dxc3 6. Nxc3 Bb4 7. Bd2 Qe7 8.
O-O Bxc3 9. Bxc3 Nf6 10. e5 Ne4 11. e6 dxe6 12. Bxg7 Rg8 13. Bxh6 Bd7 14. Re1
Nd6 15. b3 Nxc4 16. bxc4 O-O-O 17. Rb1 Qa3 18. Qe2 e5 19. Rb3 Qd6 20. Qe3 e4
21. Nh4 Ne5 22. Qxa7 Bc6 23. Bf4 Nf3+ 24. Nxf3 Qxf4 25. Qa8+ Kd7 26. Ne5+ Qxe5
27. Rd1+ Ke7 28. Qa3+ Ke6 29. Re1 e3 30. Rbxe3 Rxg2+ 31. Kf1 Rd2 32. Rxe5+ Kf6
33. Qe7+ Kg7 34. Rg5+ {#r} 1-0

[Event "SIO (Reserve)"]
[Site "Twin Falls, ID"]
[Date "2015.11.14"]
[Round "2.1"]
[White "Porth, Desmond"]
[Black "Hunter, Roger J"]
[Result "1-0"]
[WhiteElo "1263"]
[BlackElo "1109"]
[EventRounds "4"]
[EventCountry "USA"]

1. e4 e5 2. Nf3 Nc6 3. Bb5 a6 4. Ba4 Nf6 5. O-O Bc5 6. h3 O-O 7. Re1 b5 8. Bb3
Bb7 9. c3 b4 10. d3 d6 11. Nbd2 Na5 12. Ba4 Bc6 13. Bxc6 Nxc6 14. Nb3 Bb6 15.
Bd2 a5 16. cxb4 Nxb4 17. Be3 c5 18. a3 Nc6 19. Nbd2 a4 20. Nc4 Ba5 21. Re2 Re8
22. Qxa4 Bd2 23. Qxc6 Bxe3 24. Nxe3 h6 25. Nd5 Nxd5 26. Qxd5 Ra4 27. Qb3 Ra6
28. Qc3 Rb6 29. Qa5 Qb8 30. Rb1 Re7 31. Rc2 Rb5 32. Qc3 Ra7 33. Nd2 Qb7 34.
Nc4 Qc6 35. b4 cxb4 36. Rxb4 d5 37. Rxb5 Qxb5 38. Nxe5 d4 39. Qc8+ Kh7 40.
Qf5+ Kg8 41. Rc8+ {#r} 1-0

[Event "SIO (Reserve)"]
[Site "Twin Falls, ID"]
[Date "2015.11.14"]
[Round "3.3"]
[White "Hunter, Roger J"]
[Black "Van Law, Quentin"]
[Result "1-0"]
[WhiteElo "1109"]
[BlackElo "338"]
[EventRounds "4"]
[EventCountry "USA"]

1. e4 c5 2. Nf3 d6 3. d4 Nc6 4. dxc5 dxc5 5. Qxd8+ Nxd8 6. Bb5+ Bd7 7. Bxd7+
Kxd7 8. O-O e6 9. Be3 Nf6 10. Nc3 Bd6 11. Rad1 Nc6 12. e5 Nxe5 13. Nxe5+ Kc7
14. Nb5+ Kb6 15. Nxd6 Rad8 16. Nexf7 Rhf8 17. Nxd8 Rxd8 18. Nc4+ Kc7 19. Rxd8
Kxd8 20. Rd1+ Nd7 21. Bxc5 Kc7 22. Bxa7 g5 23. Re1 e5 24. Nxe5 h5 25. Nxd7
Kxd7 26. Re5 Kd6 27. Rxg5 h4 28. Kf1 Kc6 29. Ke2 b6 30. Ke3 b5 31. Kd4 Kb7 32.
Bc5 Kc6 33. Rg6+ Kb7 34. Bb4 Kc7 35. Kc5 Kd7 36. Kb6 Kc8 37. Rg7 Kd8 38. Kc6
Ke8 39. Kd6 Kf8 40. Ra7 Ke8 41. Bc5 Kf8 42. Ke6+ Kg8 43. Kf6 Kh8 44. Kg6 h3
45. gxh3 Kg8 46. Ra8# 1-0

[Event "SIO (Reserve)"]
[Site "Twin Falls, ID"]
[Date "2015.11.14"]
[Round "4.2"]
[White "Hunter, Roger J"]
[Black "Aderogba, Temiloluwa Deborah"]
[Result "1-0"]
[WhiteElo "1109"]
[BlackElo "1130"]
[EventRounds "4"]
[EventCountry "USA"]

1. e4 e5 2. Nf3 Nc6 3. d4 exd4 4. Nxd4 Nf6 5. Nxc6 dxc6 6. Qxd8+ Kxd8 7. Bd3
Bd6 8. O-O Re8 9. Re1 Bd7 10. Nc3 Be5 11. Bd2 Ke7 12. f4 Bd4+ 13. Kh1 Kf8 14.
e5 Ng4 15. Ne4 Kg8 16. h3 Nf2+ 17. Nxf2 Bxf2 18. Rf1 Bd4 19. c3 Bb6 20. Rf3 c5
21. Rg3 g6 22. c4 c6 23. Bc3 Bd8 24. f5 Bc7 25. Re1 b6 26. fxg6 fxg6 27. h4
Re6 28. h5 Kg7 29. hxg6 hxg6 30. Bxg6 Rh8+ 31. Kg1 Rxg6 32. e6+ Kh7 33. Rxg6
Kxg6 34. Bxh8 Be8 35. e7 Kf7 36. Be5 Bxe5 37. Rxe5 Kf6 38. Re3 Kf7 39. Kf2 Kf6
40. g4 Kf7 41. Kf3 Kf6 42. Kf4 Kf7 43. Kf5 Bd7+ 44. Kf4 Be8 45. Re5 Kf6 46.
g5+ Kf7 47. Rf5+ Kxe7 48. Rf6 b5 49. Ke5 bxc4 50. g6 c3 51. bxc3 Bxg6 52. Rxg6
Kd7 53. Rg7+ Ke8 54. Kd6 Kf8 55. Rxa7 Ke8 56. Kxc6 c4 57. Kd6 Kf8 58. Ke6 Kg8
59. Kf6 Kh8 60. Kg6 Kg8 61. Ra8# 1-0